Half the human experience : the psychology of women /
This book is about: Theoretical perspectives; Gender sterotypes and gender differences; Gender and Language; ...
Đã lưu trong:
| 主要作者: | |
|---|---|
| 格式: | 圖書 |
| 語言: | English |
| 出版: |
Lexington, MA :
D.C. Heath,
1996.
|
| 版: | 5th ed. |
| 主題: | |
| 標簽: |
添加標簽
沒有標簽, 成為第一個標記此記錄!
|
| Thư viện lưu trữ: | Mạng thư viện Đại học Đà Nẵng |
|---|
| LEADER | 00978cam a2200349 i 4500 | ||
|---|---|---|---|
| 001 | 000048841 | ||
| 003 | 8567 | ||
| 005 | 20030311081502.0 | ||
| 008 | 010323|1996 vm 000 eng | ||
| 020 | |a 0669354481 | ||
| 040 | |a IRC |c IRC |d IRC | ||
| 041 | 0 | |a eng | |
| 082 | 1 | 4 | |a 155.633 |b HY-J |
| 100 | 1 | |a Hyde, Janet Shibley. | |
| 245 | 0 | 0 | |a Half the human experience : |b the psychology of women / |c Janet Shibley Hyde. |
| 250 | |a 5th ed. | ||
| 260 | |a Lexington, MA : |b D.C. Heath, |c 1996. | ||
| 300 | |a 546 p. ; |c 23.5cm. | ||
| 520 | 3 | |a This book is about: Theoretical perspectives; Gender sterotypes and gender differences; Gender and Language; ... | |
| 630 | 0 | 4 | |a Psychology. |
| 630 | 0 | 4 | |a Women. |
| 650 | 0 | 4 | |a Women |x Psychology. |
| OWN | |a DUT | ||
| 999 | |a From the UDN01 | ||
| TYP | |a Monograph | ||
| TYP | |a Printed language | ||
| 980 | |a Mạng thư viện Đại học Đà Nẵng | ||


